Which is Bigger - UK City and Town Quiz #2 - Statistics

General Stats
  • This quiz has been taken 23 times
    17 since last reset
  • The average score is 37 of 45
Answer Stats
Question Tile Select % Correct
Select the Biggest City or Town Ashford No
94%
Select the Biggest City or Town Chatham No
94%
Select the Biggest City or Town Haywards Heath No
94%
Select the Biggest City or Town Horsham No
94%
Select the Biggest City or Town Littlehampton No
94%
Select the Biggest City or Town Margate No
94%
Select the Biggest City or Town Shoreham No
94%
Select the Biggest City or Town Westergate No
94%
Select the Biggest City or Town Barking No
88%
Select the Biggest City or Town Barnet No
88%
Select the Biggest City or Town Battle No
88%
Select the Biggest City or Town Bexhill-on-sea No
88%
Select the Biggest City or Town Bognor Regis No
88%
Select the Biggest City or Town Brent No
88%
Select the Biggest City or Town Brighton Yes
88%
Select the Biggest City or Town Bromley No
88%
Select the Biggest City or Town Camberley No
88%
Select the Biggest City or Town Camden No
88%
Select the Biggest City or Town Chichester No
88%
Select the Biggest City or Town City of London No
88%
Select the Biggest City or Town Crowborough No
88%
Select the Biggest City or Town Dartford No
88%
Select the Biggest City or Town Eastbourne No
88%
Select the Biggest City or Town Esher No
88%
Select the Biggest City or Town Ewell No
88%
Select the Biggest City or Town Greenwich No
88%
Select the Biggest City or Town Hailsham No
88%
Select the Biggest City or Town Hastings No
88%
Select the Biggest City or Town Lewes No
88%
Select the Biggest City or Town Reigate No
88%
Select the Biggest City or Town Rochester No
88%
Select the Biggest City or Town Seaford No
88%
Select the Biggest City or Town Staines No
88%
Select the Biggest City or Town Walton-on-Thames No
88%
Select the Biggest City or Town Canterbury No
82%
Select the Biggest City or Town Dover No
82%
Select the Biggest City or Town Oxted No
82%
Select the Biggest City or Town Croydon No
76%
Select the Biggest City or Town London Yes
76%
Select the Biggest City or Town Gillingham No
71%
Select the Biggest City or Town Worthing No
65%
Select the Biggest City or Town Crawley Yes
53%
Select the Biggest City or Town Maidstone Yes
47%
Select the Biggest City or Town Guildford No
24%
Select the Biggest City or Town Woking Yes
18%
No matching quizzes found
Score Distribution
Percent of People with Each Score
Percentile by Number Answered
Your Score History
You have not taken this quiz since the last reset